Centroamérica y el Caribe: emigración y derechos humanos. Documento final del encuentro internacional

Guardado en:
Bibliografiske detaljer
Format: Texto
Fag:
Tags: Tilføj Tag
Ingen Tags, Vær først til at tagge denne postø!

MARC

LEADER 00000 a a2200000 04500
001 2338
003
040
245 |a Centroamérica y el Caribe:   |b emigración y derechos humanos. Documento final del encuentro internacional 
650 |a DERECHOS HUMANOS  
650 |a REPRESION  
650 |a MIGRANTES  
650 |a INMIGRACION ILEGAL  
650 |a DISCRIMINACION  
650 |a AMERICA LATINA  
773 |g volumen 17, número 2; páginas 24-26  
999 |c 27948  |d 27948